| 000 | 01388cad a22002295a 4500 | ||
|---|---|---|---|
| 001 | L156711 | ||
| 008 | 120627s2012 xxk f 000 0 eng d | ||
| 035 | _a(Sirsi) u156711 | ||
| 041 | 0 | _aeng | |
| 110 | 2 |
_aUnited Kingdom _bDepartment for Environment, Food and Rural Affairs |
|
| 245 | 0 | 0 |
_aHousehold electricity Survey _bA study of domestic electricity product usage _h[electronic resource] |
| 260 |
_aLondon _bDEFRA _c2012 |
||
| 520 | _aThe study monitored domestic electrical appliances in a total of 251 owner-occupier households across England over the period of April 2010 to April 2011. Objectives included the identification of the range and quantity of electrically powered appliances, products and gadgets found in the typical home and to monitor total electricity consumption. Findings include the discovery of relatively high appliance usage by single person households and the fact total standby consumption is as much as 16% of domestic power demand. | ||
| 590 | _aKA NTK | ||
| 651 | 4 |
_aEngland _y886- |
|
| 690 |
_aEnergy _96237 |
||
| 690 |
_aSustainability _96271 |
||
| 710 | 1 |
_aEnergy Saving Trust _91191 |
|
| 710 | 1 |
_aUnited Kingdom _bDepartment of Energy and Climate Change _95850 |
|
| 856 | 4 | 0 |
_uhttps://randd.defra.gov.uk/Document.aspx?Document=10043_R66141HouseholdElectricitySurveyFinalReportissue4.pdf _zView the item free of charge www.defra.gov.uk |
| 942 | _n0 | ||
| 999 |
_c114379 _d114379 |
||